000 01359cam a22002774a 4500
001 13163485
003 ARRUPE
005 20160909114338.0
008 030415s2003 pau b 001 0 eng
010 _a 2003008785
020 _a1563384108 (pbk.)
040 _aDLC
_cDLC
_dDLC
042 _apcc
050 0 0 _aBS476
_b.C67 2003
082 0 0 _a227/.0601
_221
100 1 _aCountryman, Louis William,
_d1941-
_925267
245 1 0 _aInterpreting the truth :
_bchanging the paradigm of biblical studies /
_cL. William Countryman.
260 _aHarrisburg, PA :
_bTrinity Press International,
_cc2003.
300 _aix, 245 p. ;
_c23 cm.
504 _aIncludes bibliographical references (p. 235-238) and index.
505 0 _aThe interpreter and the practice of interpretation -- First steps in interpretation : an application to Jude -- Moving toward synthesis -- Introducing complexity : further exploration of Jude -- The challenge of interpreting New Testament letters -- Conversing with the letter of Jude -- Interpreting the letter of James -- Interpreting Paul's letter to Romans.
630 0 0 _aBible
_xHermeneutics.
_925268
906 _a7
_bcbc
_corignew
_d1
_eecip
_f20
_gy-gencatlg
942 _2lcc
_cMONOGRAPH
999 _c125064
_d125064